000 00342nam a2200121Ia 4500
008 240731s9999 xx 000 0 und d
022 _a1940-1302
245 0 _aScience Activities : Projects and Curriculum Ideas in STEM Classrooms
260 _bRoutledge
856 _uhttps://www.tandfonline.com/loi/vsca20
942 _2ddc
942 _cTFEJ
999 _c79346
_d79346
945 _a1
_bMadushi Gamage
_c1
_dMadushi Gamage